000 00622nam a2200229 a 4500
001 BRCA_8121
005 20190320210136.0
008 100414s1963----ne-a###f##---#001-0#eng-#
041 _aeng
044 _ane
050 4 _aQK50
_b.W477
_c1963
100 1 _aWent, Frits W.
_920216
245 1 0 _aThe plants
_cFrits W. Went and the editors of Life.
260 _aNederland
_bTime-Life International
_c1963
300 _a194 p.
_bil. (algunas a color)
_c28 cm.
500 _aY186
650 1 4 _aPlantas
_916368
650 1 4 _aBotánica
_915603
710 2 _aLife International (USA)
_919291
902 _aGFM
942 _2lcc
_cB
999 _c7789
_d7789